| 000 | 01037nas a22002297a 4500 | ||
|---|---|---|---|
| 003 | AM-YEHGA | ||
| 005 | 20260123115048.0 | ||
| 008 | 251120c1906 ne ||||| |||| 00| 0 eng d | ||
| 040 | _aAM-YEHGA | ||
| 041 | 0 | _aeng | |
| 100 | 1 |
_aKamerlingh Onnes, Heike, _d1853-1926 |
|
| 245 | 1 | 0 |
_aCommunications from the Physical laboratory of the University of Leiden / _cBy H. Kamerlingh Onnes. |
| 260 |
_aLeiden : _bE. Ijdo, _c1906- |
||
| 300 | _a№ | ||
| 440 | 0 |
_aCommunications from the Physical laboratory of the University of Leiden ; _v№ 97-108, 157-168 |
|
| 500 | _aIn № 97-108: № 97a, 98, 99a, 99b, 99c, 100a, 100b, 101a, 101b, 102a, 102b, 102c, 102d, 103, 104a, 104b, 105, 106, 107a, 107b, 107c, 107d, 108, Supplement № 15 to № 97-108, Supplement № 16 to № 97-108, Supplement № 17 to № 97-108, Supplement № 18 to № 97-108, Supplement № 19 to № 97-108. | ||
| 650 | 1 | 4 |
_aPhysics _xSocieties |
| 650 | 1 | 4 | _aLow temperature research |
| 710 | 2 | _aKamerlingh Onnes Laboratory | |
| 942 |
_2udc _cCR |
||
| 001 | 2041080 | ||
| 999 |
_c539336 _d539336 |
||